ARRUPE JESUIT UNIVERSITY

CORONAVIRUS -STOP THE SPREAD - CLEAN,DISINFECT,COVER

Old wives' tales: (Record no. 119143)

MARC details
000 -LEADER
fixed length control field 00672nam a2200253 4500
001 - CONTROL NUMBER
control field 2533005
003 - CONTROL NUMBER IDENTIFIER
control field ARRUPE
005 - DATE AND TIME OF LATEST TRANSACTION
control field 20131210124953.0
008 - FIXED-LENGTH DATA ELEMENTS--GENERAL INFORMATION
fixed length control field 700918s1970 enk 001 0 eng
010 ## - LIBRARY OF CONGRESS CONTROL NUMBER
LC control number 73503765
015 ## - NATIONAL BIBLIOGRAPHY NUMBER
National bibliography number B70-06522
020 ## - INTERNATIONAL STANDARD BOOK NUMBER
International Standard Book Number 0710066554
035 ## - SYSTEM CONTROL NUMBER
System control number (OCoLC)ocm00097832
040 ## - CATALOGING SOURCE
Original cataloging agency DLC
Transcribing agency DLC
Modifying agency UKM
-- ZCU
050 0# - LIBRARY OF CONGRESS CALL NUMBER
Classification number SPC DT515.4
Item number .A53
082 ## - DEWEY DECIMAL CLASSIFICATION NUMBER
Classification number 301.41/2/096694
300 ## - PHYSICAL DESCRIPTION
Dimensions 23 cm.
100 1# - MAIN ENTRY--PERSONAL NAME
Personal name Andreski, Iris.
9 (RLIN) 5356
245 10 - TITLE STATEMENT
Title Old wives' tales:
Remainder of title life-stories from Ibibioland.
260 ## - PUBLICATION, DISTRIBUTION, ETC. (IMPRINT)
Place of publication, distribution, etc London,
Name of publisher, distributor, etc Routledge & K. Paul,
Date of publication, distribution, etc 1970.
300 ## - PHYSICAL DESCRIPTION
Extent 190 p.
650 #0 - SUBJECT ADDED ENTRY--TOPICAL TERM
Topical term or geographic name as entry element Women, Ibibio.
9 (RLIN) 5357
942 ## - ADDED ENTRY ELEMENTS (KOHA)
Source of classification or shelving scheme Library of Congress Classification
Koha item type Monograph ( Printed materials)
Holdings
Withdrawn status Lost status Source of classification or shelving scheme Damaged status Not for loan Home library Current library Shelving location Date acquired Total Checkouts Full call number Barcode Date last seen Price effective from Koha item type
    Library of Congress Classification     ARRUPE LIBRARY ARRUPE LIBRARY Main Collection 10/12/2013   SPC DT515.4 .A53 464123164 10/12/2013 10/12/2013 Monograph ( Printed materials)

 

Arrupe Library. PO Box MP320 Mt Pleasant, Harare, Zimbabwe
263 242 745411|librarian@aju.ac.zw